|
|
|
|
| LEADER |
00000nam0a2200000 4500 |
| 001 |
342746 |
| 005 |
20240221103657.0 |
| 035 |
|
|
|a (RuTPU)RU\TPU\book\371944
|
| 090 |
|
|
|a 342746
|
| 100 |
|
|
|a 20190322d2018 k y0rusy50 ca
|
| 101 |
0 |
|
|a rus
|
| 102 |
|
|
|a RU
|
| 105 |
|
|
|a a dm 001zy
|
| 200 |
1 |
|
|a Структура и свойства поверхностных слоев и покрытий при модифицирующей ультразвуковой обработке
|e автореферат диссертации на соискание ученой степени доктора технических наук
|e спец. 05.16.09
|f Ж. Г. Ковалевская
|g Национальный исследовательский Томский политехнический университет (ТПУ) ; Российская академия наук (РАН), Сибирское отделение (СО), Институт физики прочности и материаловедения (ИФПМ) ; науч. конс. В. А. Клименов
|
| 210 |
|
|
|a Томск
|c [Б. и.]
|d 2018
|
| 215 |
|
|
|a 33 с.
|c ил.
|
| 300 |
|
|
|a Защита сост. 15.02.2019 г.
|
| 320 |
|
|
|a Библиогр.: с. 30-33 (30 назв.)
|
| 606 |
1 |
|
|a Поверхностное упрочнение ультразвуком
|2 stltpush
|3 (RuTPU)RU\TPU\subj\78808
|9 87880
|
| 610 |
1 |
|
|a сталь
|
| 610 |
1 |
|
|a поверхностные слои
|
| 610 |
1 |
|
|a топография
|
| 610 |
1 |
|
|a микроструктура
|
| 610 |
1 |
|
|a модифицирование
|
| 610 |
1 |
|
|a ультразвуковая обработка
|
| 610 |
1 |
|
|a диффузионные процессы
|
| 610 |
1 |
|
|a низкие температуры
|
| 610 |
1 |
|
|a поверхность
|
| 610 |
1 |
|
|a ультразвуковая модификация
|
| 610 |
1 |
|
|a послойное наращивание
|
| 610 |
1 |
|
|a адгезионный контакт
|
| 610 |
1 |
|
|a авторефераты диссертаций
|
| 610 |
1 |
|
|a труды учёных ТПУ
|
| 675 |
|
|
|a 621.787(04)
|v 4
|
| 686 |
|
|
|a 05.16.09
|2 oksvnk
|
| 700 |
|
1 |
|a Ковалевская
|b Ж. Г.
|c специалист в области материаловедения
|c профессор Томского политехнического университета, доктор технических наук
|c научный сотрудник Института физики прочности и материаловедения СО РАН
|f 1967-
|g Жанна Геннадьевна
|3 (RuTPU)RU\TPU\pers\25820
|9 11693
|
| 702 |
|
1 |
|a Клименов
|b В. А.
|c специалист в области неразрушающего контроля
|c профессор Томского политехнического университета, доктор технических наук
|c проректор-директор Института неразрушающего контроля Томского политехнического университета
|f 1951-
|g Василий Александрович
|3 (RuTPU)RU\TPU\pers\27985
|4 695
|
| 712 |
0 |
2 |
|a Национальный исследовательский Томский политехнический университет (ТПУ)
|c (2009- )
|3 (RuTPU)RU\TPU\col\15902
|
| 712 |
0 |
2 |
|a Российская академия наук (РАН)
|b Сибирское отделение (СО)
|b Институт физики прочности и материаловедения (ИФПМ)
|c (Томск)
|3 (RuTPU)RU\TPU\col\265
|
| 801 |
|
1 |
|a RU
|b 63413507
|c 20190322
|
| 801 |
|
2 |
|a RU
|b 63413507
|c 20190416
|g RCR
|
| 942 |
|
|
|c BK
|